Wertvollste Fußballspieler nach Land in Europa - Statistiken

Allgemein
  • Dieses Quiz wurde 136 mal gespielt
  • Das Durchschnittsergebnis liegt bei 17 aus 42
Antwortstatistiken
Land Klub Spieler Marktwert % Korrekt
Norwegen Manchester City Erling Haaland 180 Mio.
100%
Frankreich Real Madrid Kylian Mbappé 180 Mio.
99%
Deutschland FC Liverpool; Bayern München Florian Wirtz; Jamal Musiala 140 Mio.
98%
England Real Madrid Jude Bellingham 180 Mio.
98%
Spanien FC Barcelona Lamine Yamal 200 Mio.
98%
Schweden Newcastle United Alexander Isak 120 Mio.
87%
Slowenien RB Leipzig Benjamin Sesko 70 Mio.
70%
Schweiz Borussia Dortmund Gregor Kobel 40 Mio.
70%
Ungarn FC Liverpool Dominik Szoboszlai 80 Mio.
68%
Kroatien Manchester City Josko Gvardiol 75 Mio.
68%
Georgien Paris Saint-Germain Khvicha Kvaratskhelia 90 Mio.
64%
Belgien Manchester City; Aston Villa; RB Leipzig Jérémy Doku; Amadou Onana; Lois Openda 50 Mio.
63%
Österreich Bayern München; Tottenham Hotspur Konrad Laimer; Kevin Danso; 25 Mio.
62%
Tschechien Bayer Leverkusen Patrik Schick 27 Mio.
58%
Italien Inter Mailand Alessandro Bastoni 80 Mio.
56%
Türkei Juventus Turin Kenan Yildiz 50 Mio.
56%
Schottland SSC Neapel Scott McTominay 50 Mio.
56%
Niederlande FC Liverpool Ryan Gravenberch 75 Mio.
49%
Serbien Juventus Turin; Nottingham Forest Dušan Vlahović; Nikola Milenković; 35 Mio.
48%
Bosnien-Herzegowina VfB Stuttgart Ermedin Demirovic 22 Mio.
47%
Portugal Paris Saint-Germain Joao Neves 80 Mio.
47%
Griechenland Benfica Lissabon Vangelis Pavlidis 35 Mio.
29%
Wales Tottenham Hotspur Brennan Johnson 40 Mio.
27%
Russland AS Monaco; Paris Saint-Germain Aleksandr Golovin; Matvey Safonov; 20 Mio.
26%
Nordmazedonien RB Leipzig Eljif Elmas 14 Mio.
25%
Rumänien Tottenham Hotspur Radu Drăgușin 25 Mio.
24%
Polen FC Arsenal Jakub Kiwior 28 Mio.
19%
Nordirland FC Liverpool Conor Bradley 30 Mio.
18%
Luxemburg Benfica Lissabon Leandro Barreiro 15 Mio.
17%
Dänemark Sporting Lissabon Morten Hjulmand 50 Mio.
17%
Slowakei Feyenoord Rotterdam Dávid Hancko 30 Mio.
13%
Israel RB Salzburg Oscar Gloukh 20 Mio.
13%
Kosovo OSC Lille Edon Zhegrova 25 Mio.
12%
Albanien Inter Mailand Kristjan Asllani 13 Mio.
11%
Ukraine AFC Bournemouth Ilya Zabarnyi 42 Mio.
6%
Island AC Florenz Albert Gudmundsson 18 Mio.
5%
Irland FC Brentford Nathan Collins 28 Mio.
5%
Finnland Go Ahead Eagles Deventer Oliver Antman 6 Mio.
4%
Armenien FK Krasnodar Eduard Spertsyan 25 Mio.
3%
Bulgarien PAOK Thessaloniki Kiril Despodov 8 Mio.
2%
Montenegro US Lecce Nikola Krstović 15 Mio.
2%
Litauen FC Turin Gvidas Gineitis 6 Mio.
1%
Keine übereinstimmenden Quizze gefunden
Verteilung der Resultate
Anzahl Personen mit jedem Resultat
Perzentil nach korrekt beantworteten Fragen
Ihre Resultats-Entwicklung
Sie haben dieses Quiz noch nicht gespielt